Statistics for Jeopardy #8440

Click here to take the quiz!

General Stats

  • This quiz has been taken 55 times
  • The average score is 12 of 61

Answer Stats

CategoryCashClueAnswer% Correct
LITERARY GIRL, INTERRUPTED$200Dorothy, in search of a human GPS: "Come along, Toto... we will go to the Emerald City and ask the great Oz how to get back to..."Kansas
96%
JULY$400On July 8, 2014 in a semifinal game at the men's World Cup, Germany eliminated this host country, 7-1Brazil
79%
LITERARY GIRL, INTERRUPTED$600Katniss Everdeen, narrating: "As time passes, it seems less likely. I calm down. They still need a girl tribute from district..."12
67%
KEEP 'EM SEPARATED$800The Sea of Marmara separates the Asian & European parts of this countryTurkey
58%
KEEP 'EM SEPARATED$200In optics, this object is used to separate white light into the colors of the spectruma prism
54%
THEY PLAYED 2 COMIC BOOK CHARACTERS$400Deadpool & Green LanternRyan Reynolds
50%
JULY$600Apollo 11 safely reached the Moon in July 1969, landing in this peaceful spotthe Sea of Tranquility
50%
BEACH-Y KEEN$400Wind causes them at the beach, but when you're "making" these, tumult followswaves
50%
THEY PLAYED 2 COMIC BOOK CHARACTERS$600Storm & CatwomanHalle Berry
46%
EPONYMOUS FOOD$400John Montagu, 11th Earl of this, has opened restaurants in the U.S. bearing his yummy hereditary titleSandwich
46%
BEACH-Y KEEN$200If you're going against popular opinion, you're "swimming against" this; be careful!the tide
46%
LITERARY GIRL, INTERRUPTED$800Nancy Drew, victorious & on a career path: "I'll always prize this clock as a trophy of my first venture as a..."a detective
38%
THEY PLAYED 2 COMIC BOOK CHARACTERS$200Daredevil & BatmanBen Affleck
38%
JULY$1000On July 26, 1529, this Castile-born conquistador was appointed governor of PeruPizarro
29%
EPONYMOUS FOOD$1000A variety of this fruit was named for Ah Bing, a Chinese orchard foreman in Oregona cherry
25%
BROADWAY MUSICALS BY OPENING NUMBERS$400"Arabian Nights"Aladdin
25%
BROADWAY MUSICALS BY OPENING NUMBERS$800"A Cinema In Buenos Aires; July 26, 1952"Evita
25%
BEACH-Y KEEN$600Didn't use sunscreen? You could be described this way, a phrase using a color & a crustaceanred as a lobster
25%
KEEP 'EM SEPARATED$600Protecting the hand, a quillon is the crosspiece that separates the blade of a sword from this, the handlethe hilt
25%
JULY$200War costs money, so in July 1862 what's now this federal government service came into beingthe IRS
25%
REJECTED ELEMENT NAMES$400Delirium & bastardium were proposed before this element was named for Marie & Pierrecurium
21%
THEY PLAYED 2 COMIC BOOK CHARACTERS$800Thanos & Jonah HexBrolin
17%
KEEP 'EM SEPARATED$1000It's the laboratory process of passing a current through water to separate it into hydrogen & oxygenelectrolysis
17%
BROADWAY MUSICALS BY OPENING NUMBERS$1600"Good Morning, Baltimore"Hairspray
17%
LITERARY GIRL, INTERRUPTED$400Heidi, at home in the mountains: "I want to go about like the light-footed..." these animalsgoats
13%
EPONYMOUS FOOD$800Brothers by this name took a recipe for Illinois "trail-toffee" & turned it into a popular candy barHeath
13%
KEEP 'EM SEPARATED$400The Federalist Papers lay out the justification for the separation of powers between these 3 brancheslegislative, executive & judicial
13%
EPONYMOUS FOOD$200In 1859 David Jack, a big landowner in this California town, began selling its white cheese under his nameMonterey Jack
13%
REJECTED ELEMENT NAMES$1600William Ramsey's son suggested novum for this noble gas, but William wanted a Greek name & called it thisneon
13%
LOST & FOUND$2000Rediscovered in 1812, this ancient city in Jordan got its name from the Greek for "rock"Petra
13%
REJECTED ELEMENT NAMES$1200This dwarf-planetary name was rejected for barium, but it later was used for a much more dangerous elementplutonium
13%
BEACH-Y KEEN$800Brits call beach vacations a "bucket-&-" this shovel synonym holidayspade
13%
LOST & FOUND$1600Anne & Helge Ingstad rediscovered this North American Viking settlement thought to have been named for grapesVinland
13%
HAIR'S THE THING$400Fringe is another name for thesebangs
8%
EPONYMOUS FOOD$600These Purim pastries are named for Haman, the bad guy of the holidayhamantaschen
8%
LOST & FOUND$400Thonis-Heracleion, the city where legend says Paris brought this woman after he ran off with her, was discovered in EgyptHelen (of Troy)
8%
LOST & FOUND$1200In 2019 archaeologists in Israel said they found the town of Ziklag, used by this Hebrew king for refuge from SaulKing David
8%
REJECTED ELEMENT NAMES$800Losalium, after this New Mexico City, was suggested for what became einsteiniumLos Alamos
8%
IN A STORM$400The letters of "MONSOON" include this palindrome for a time of daynoon
8%
IN A STORM$2000Anagram "TORNADO" & you get this, anything that emits a scentodorant
8%
HAIR'S THE THING$1600It was the 2-word title of a 1931 film starring Jean Harlow, as well as her hair colorPlatinum Blonde
8%
LOST & FOUND$800A center of worship for this Greek god, the city of Helike, found in 2001, has been called "the real Atlantis"Poseidon
8%
JULY$800Upon reaching this valley in July 1847, Brigham Young reportedly said, "This is the right place"Salt Lake Valley
8%
BROADWAY MUSICALS BY OPENING NUMBERS$1200"I Hope I Get It"A Chorus Line
4%
IN A STORM$1200Blowing out from "HURRICANE" is this 6-letter word that can mean a sea creature or a small childan urchin
4%
IN A STORM$1600Use most of the letters from "TYPHOON" to spell out this creature whose reticulated version can get pretty biga python
4%
HAIR'S THE THING$1200You get an "a" if you know this 12-letter style of bob where one side in front is longer than the otherasymmetrical
4%
BROADWAY MUSICALS BY OPENING NUMBERS$2000"Opening (Runyonland)", by the ensembleGuys and Dolls
4%
IN A STORM$800This sign of the zodiac can be spelled using letters from "BLIZZARD"Libra
4%
THEY PLAYED 2 COMIC BOOK CHARACTERS$1000Ramona Flowers & HuntressMary Elizabeth Winstead
4%
REJECTED ELEMENT NAMES$2000This dangerous radioactive gas found in homes was once called emanationradon
4%
1980s BESTSELLERSN/AThe title of this 1985 novel by a Canadian author partly alludes to the similarly named stories in a 14th century workThe Handmaid\'s Tale
4%
LITERARY GIRL, INTERRUPTED$1000The ambassador's wife, on Anna Karenina: "She brought back with her the shadow of..." himVronsky
4%
HAIR'S THE THING$800These wayward tufts with a bovine name form in utero, so you're pretty much stuck with them for lifea cowlick
0%
N.E. PORT$1600The band Phish was formed in this Vermont city, a port on Lake ChamplainBurlington
0%
N.E. PORT$2000The monument seen here in this Massachusetts port has long been sacred to fishermenGloucester
0%
N.E. PORT$1200George H.W. Bush had a summer home at this Maine city whose name ends with "port"Kennebunkport
0%
N.E. PORT$800Portsmouth was this state's first Colonial capital & is its only seaportNew Hampshire
0%
HAIR'S THE THING$2000This 5-letter French word describes a coloring technique where the hair is typically darker on top & lighter towards the endsombre
0%
N.E. PORT$400Newport in this New England state has been the site of several America's Cup yacht racesRhode Island
0%
BEACH-Y KEEN$1000This alliterative phrase that mentions the land closest to the sea means that it's safe to proceed & have a great timethe coast is clear
0%

Score Distribution

Percentile by Number Answered

Percent of People with Each Score

Your Score History

You have not taken this quiz